Programming the Perl DBI (Record no. 6604)

000 -LEADER
fixed length control field 00683 a2200193 4500
020 ## - INTERNATIONAL STANDARD BOOK NUMBER
International Standard Book Number 1565926994
040 ## - CATALOGING SOURCE
Original cataloging agency DLC
Language of cataloging DLC
082 00 - DEWEY DECIMAL CLASSIFICATION NUMBER
Classification number 005.74
100 1# - MAIN ENTRY--PERSONAL NAME
Personal name Descartes, Alligator.
245 10 - TITLE STATEMENT
Title Programming the Perl DBI
Statement of responsibility, etc. Alligator Descartes and Tim Bunce.
260 ## - PUBLICATION, DISTRIBUTION, ETC.
Place of publication, distribution, etc. Cmabridge, MA :
Name of publisher, distributor, etc. O'Reilly,
Date of publication, distribution, etc. 2000.
300 ## - PHYSICAL DESCRIPTION
Extent p. cm.
650 #0 - SUBJECT ADDED ENTRY--TOPICAL TERM
Topical term or geographic name entry element Perl (Computer program language)
650 #0 - SUBJECT ADDED ENTRY--TOPICAL TERM
Topical term or geographic name entry element Database management.
700 1# - ADDED ENTRY--PERSONAL NAME
Personal name Bunce, Tim.
856 42 - ELECTRONIC LOCATION AND ACCESS
Materials specified Publisher description
Uniform Resource Identifier <a href="http://www.loc.gov/catdir/enhancements/fy0715/00022023-d.html">http://www.loc.gov/catdir/enhancements/fy0715/00022023-d.html</a>
856 42 - ELECTRONIC LOCATION AND ACCESS
Materials specified Contributor biographical information
Uniform Resource Identifier <a href="http://www.loc.gov/catdir/enhancements/fy0912/00022023-b.html">http://www.loc.gov/catdir/enhancements/fy0912/00022023-b.html</a>
942 ## - ADDED ENTRY ELEMENTS (KOHA)
Koha item type Book
Call number prefix 005.74 DES
Source of classification or shelving scheme
Holdings
Withdrawn status Lost status Damaged status Not for loan Collection code Permanent Location Current Location Shelving location Date acquired Source of acquisition Cost, normal purchase price Total Checkouts Full call number Barcode Date last seen Price effective from Koha item type
          Central Library (CL) Central Library (CL) First Floor - Databases 04/04/2006 Academic Book Company 2243.63   005.74 DES SEECS007208 11/14/2012 01/05/2017 Book
          Central Library (CL) Central Library (CL) First Floor - Databases 09/02/2006 Donation 0.00   005.74 DES SEECS007518 11/14/2012 01/05/2017 Book
© 2023 Central Library, National University of Sciences and Technology. All Rights Reserved.